00994nam a2200217 a 450000100100000000500170001000800410002702000180006804000250008610000270011124500710013826000360020930000360024550000620028150000590034350400300040295201110043295201050054395201110064899900170075900004482720201002045646.0150113s2014 dr ac 000 0 spa d a9789945166309 aDO-SdBNPbspacBNPHU1 aBaret, Víctor93510810aHistoria de las Iglesias Bíblicas Cristianas. /cVíctor Baret. aSanto Domingo :bBúho,c2014. a346 p. :bil., retrs. ;c23 cm. aIncluye datos biografícos del autor en la contraportada a65 aniversario de la Alianza Bíblica Cristiana (ABC) aBibliografía p: 345-346 0010718DSaGRbGRcCTd2015-01-13iLF1l0o p44827-30r2020-06-25te. 3w2020-06-25yLFDSZNo se presta 0010718PDaPDbPDcCTd2015-01-13iLF1l0o p44827-10r2020-06-25w2020-06-25yLFPDZNo se presta 0010718PDaPDbPDcCTd2015-01-13iLF1l0o p44827-20r2020-06-25te. 2w2020-06-25yLFPDZNo se presta c44316d44316